000
00321nam a2200121Ia 4500
008
220204s9999 xx 000 0 und d
082
_a
658.15:63
_b
BAR
100
_a
Barry, Peter J
245
0
_a
Financial management in agriculture
260
_a
Illinois
_b
Interstate
_c
1983
650
_a
Financial management
942
_c
BK
999
_c
39022
_d
39022